Statistics for Super Mario Items Scramble Quiz #1

Click here to take the quiz!

General Stats

  • This quiz has been taken 11 times
  • The average score is 11 of 15

Answer Stats

Scrambled SM "Item"Unscrambled SM "Item"% Correct
omohmursMushroom
100%
trasStar
100%
pypcaCappy
89%
caainpt aodtCaptain Toad
89%
knig oboKing Boo
89%
eppiPipe
89%
womthpThwomp
89%
leltbu ibllBullet Bill
78%
oopak patoroKoopa Troopa
78%
mekkaKamek (Magikoopa)
67%
teon lokbcNote Block
67%
soqeuint colkbQuestion Block
67%
o-obbbmBob-omb
56%
haraipn ntlpaPiranha Plant
56%
lelpgafoFlagpole
33%

Score Distribution

Percentile by Number Answered

Percent of People with Each Score

Your Score History

You have not taken this quiz